00417nam a2200145Ia 4500008004100000020001500041041000800056082001600064100002200080245011100102250000600213260003200219300001100251650000900262210716s2004 xx 000 0 und d a8176197355 aeng a158.26 SIMG aSimons, George F. aWorking together: succeeding in a multicultural organization.bSucceeding in a multicultural organization. a3 aNew DelhibViva Booksc2004 aix,116 aNone